Elementry Strength of Materials (Record no. 182824)
[ view plain ]
| 000 -LEADER | |
|---|---|
| fixed length control field | 00756 a2200169 4500 |
| 003 - CONTROL NUMBER IDENTIFIER | |
| control field | Nust |
| 005 - DATE AND TIME OF LATEST TRANSACTION | |
| control field | 20221022105324.0 |
| 040 ## - CATALOGING SOURCE | |
| Transcribing agency | Nust |
| 082 ## - DEWEY DECIMAL CLASSIFICATION NUMBER | |
| Classification number | 620.11,RAM |
| 100 ## - MAIN ENTRY--PERSONAL NAME | |
| Personal name | Ramamrutham S |
| 9 (RLIN) | 43141 |
| 245 ## - TITLE STATEMENT | |
| Title | Elementry Strength of Materials |
| Statement of responsibility, etc. | S. Ramamrutham and R Narayanan |
| 260 ## - PUBLICATION, DISTRIBUTION, ETC. | |
| Place of publication, distribution, etc. | Delhi |
| Name of publisher, distributor, etc. | Dhanpat Rai |
| Date of publication, distribution, etc. | 1988 |
| 300 ## - PHYSICAL DESCRIPTION | |
| Extent | 342:p |
| 505 ## - FORMATTED CONTENTS NOTE | |
| Formatted contents note | Simple Stresses And Strains (Page-1), Strain Energy-Impact Loading (Page-71), Centre Of Gravity And Moment Of Inertia (Page-85), Shear Forces And Bending Moments (Page-126), Stresses In Beams (Page-201), Deflection Of Beams (Page-254), Torsion Of Shafts (Page-281), Riveted Connections (Page-302), Welded Connections (Page-328). |
| 650 ## - SUBJECT ADDED ENTRY--TOPICAL TERM | |
| Topical term or geographic name entry element | Elementry Strength of Materials |
| 9 (RLIN) | 101157 |
| 942 ## - ADDED ENTRY ELEMENTS (KOHA) | |
| Source of classification or shelving scheme | |
| Koha item type | Book |
| Withdrawn status | Lost status | Source of classification or shelving scheme | Damaged status | Not for loan | Permanent Location | Current Location | Shelving location | Date acquired | Full call number | Barcode | Date last seen | Price effective from | Koha item type | Public note |
|---|---|---|---|---|---|---|---|---|---|---|---|---|---|---|
| Military College of Signals (MCS) | Military College of Signals (MCS) | General Stacks | 12/12/2016 | 620.11,RAM | MCS24000 | 12/08/2016 | 12/12/2016 | Book | Almirah No.27, Shelf No.4 |
